| 000 | 01000nam a2200253 i 4500 | ||
|---|---|---|---|
| 001 | bg | ||
| 245 | 0 | 0 |
_aDrewno i materiały drewnopochodne w konstrukcjach budowlanych : _bkonferencja naukowa, Szczecin-Świnoujście 27-28 września 1999 r. : referaty / _cPolitechnika Szczecińska. Wydział Budownictwa i Architektury. |
| 260 |
_aSzczecin : _bWydaw. Uczelniane PS, _c[1999]. |
||
| 300 |
_a390, [2] s. : _bfot., rys., wykr. ; _c24 cm. |
||
| 500 | _aTekst częśc. ang., niem., ros. - Streszcz. ang., pol. przy pracach. | ||
| 504 | _aBibliogr. przy ref. | ||
| 650 | 9 |
_aDrewno _xstosowanie _xbudownictwo |
|
| 650 | 9 |
_aDrewno _xwyroby |
|
| 650 | 9 | _aKonstrukcje drewniane | |
| 655 | _aMateriały konferencyjne | ||
| 710 | 0 |
_aPolitechnika Szczecińska _bWydział Budownictwa i Architektury |
|
| 020 | _a8387423335 | ||
| 040 | _cBPK | ||
| 041 | 0 |
_aplenderu _benpl |
|
| 080 | _a624.01/.07:691/692:674](061) | ||
| 920 | _a83-87423-33-5 | ||
| 942 | _cKS | ||
| 008 | s pl f |000 0 pol | ||
| 999 |
_c39031 _d39031 |
||
| 856 |
_uhttp://koha.tu.koszalin.pl/cgi-bin/koha/opac-detail.pl?biblionumber=39031 _yKatalog online BPK |
||